Представление документа в формате MARC21

Поле Инд. ПП Название Значение
Тип записи a
Библиографический уровень m
001 Контрольный номер RU\SPSTU\books\236138
005 Дата корректировки 20140227120322.3
020 a ISBN 5-85250-100-X
c Цена, тираж 85 к.
040 a Служба первич. каталог. RuMRKP
c Служба, преобразующая запись НБ ТвГУ
e Правила каталог. psbo
041 a Код языка текста rus
h Код языка оригинала pol
080 a Индекс УДК 796.032.2(091)
084 a Индекс другой классификации/Индекс ББК Ч514(0)9
a Индекс другой классификации/Индекс ББК Ч517
090 a Полочн. индекс Ч514(0)
x Авторский знак О-56
100 1_ a Автор Ольшанский Тадеуш
q Полное имя ТадеушОльшанский Т.
245 a Заглавие Магия спорта
b Продолж. заглавия (страницы олимпийской хроники) ; пер. с пол.
c Ответственность авт. предисл. Е. Чен
260 a Место издания Москва
b Издательство Планета
c Дата издания 1989
300 a Объем 286 с.
b Иллюстрации/ тип воспроизводства ил.
500 a Примечание Доп. тит. лист на пол. яз.
653 a Ключевые слова Физическая культура и спорт
653 a Ключевые слова Олимпийские игры
700 1_ a Другие авторы Чен Е.
e Роль лиц авт. предисл.
920 a Оператор Суха
954 a Дата поступления на обработку 20100304